| 000 | 00581nam a22001577a 4500 | ||
|---|---|---|---|
| 008 | 160430b xxu||||| |||| 00| 0 eng d | ||
| 082 |
_22013 _aUT 0455 _bC13 |
||
| 100 |
_97147 _aGallego, Edgar A. |
||
| 245 |
_aSelf perceived on field study practices and students pre-services training motivation/ _cEdgar A. Gallego, Alea A. Misa and Kim Elfred Florida. |
||
| 260 |
_aDigos City: _bUMDC _cOctober 2013. |
||
| 300 |
_a54 pages; _c29 cm. |
||
| 650 | 0 |
_97149 _aEducation _xUndergraduate thesis. |
|
| 700 |
_97150 _aMisa, Alea A. |
||
| 700 |
_97151 _aFlorida, Kim Alfred. |
||
| 942 |
_2ddc _cUT |
||
| 999 |
_c2192 _d2192 |
||